000
00339nam a2200133Ia 4500
008
240624s9999 xx 000 0 und d
041
_a
eng
082
_a
330 SCH
100
_a
SCHUMACHER E F
245
_a
SMALL IS BEAUTIFUL A STUDY OF ECONOMICS
260
_c
1993
_a
London
_b
Vintage
300
_a
xi, : 259 : p. : cm. ; 19
365
_c
BPS
999
_c
28711
_d
28711